[Event "Fredericia Chess IM 2018"]
[Site "Fredericia"]
[Date "2018.05.12"]
[Round "6.2"]
[White "Miedema, David"]
[Black "Light, Bjarne"]
[Result "1-0"]
[WhiteElo "2380"]
[BlackElo "2212"]
[PlyCount "73"]
[EventDate "2018.05.09"]
[EventType "tourn"]
[EventRounds "9"]
[EventCountry "DEN"]

1. d4 Nf6 2. c4 e6 3. Nf3 d5 4. Nc3 Bb4 5. Qb3 a5 6. Bg5 c6 7. a3 Be7 8. e3
Nbd7 9. Bd3 O-O 10. O-O Re8 11. Rad1 dxc4 12. Qxc4 Nd5 13. Bxe7 Qxe7 14. Bb1
Nxc3 15. Qxc3 c5 16. d5 e5 17. d6 Qd8 18. Qc4 Rb8 19. a4 b6 20. Ba2 Rf8 21. h4
Bb7 22. Ng5 Qf6 23. f4 e4 24. Nxe4 Qxh4 25. Ng5 Ne5 26. fxe5 Qxg5 27. e4 Qxe5
28. Rxf7 Kh8 29. Rdf1 Rfd8 30. d7 h6 31. Qc3 Qg5 32. R1f5 Qg4 33. Bd5 Bxd5 34.
Rxd5 Rg8 35. Rd6 Kh7 36. Qf6 Qh5 37. d8=Q 1-0

[Event "Fredericia Chess IM 2018"]
[Site "Fredericia"]
[Date "2018.05.12"]
[Round "6.3"]
[White "Sylvan, Jacob"]
[Black "Fries Nielsen, Jens Ove"]
[Result "1/2-1/2"]
[WhiteElo "2334"]
[BlackElo "2375"]
[PlyCount "21"]
[EventDate "2018.05.09"]
[EventType "tourn"]
[EventRounds "9"]
[EventCountry "DEN"]

1. e4 g6 2. d4 Bg7 3. Nc3 Na6 4. Nf3 c6 5. Bd3 Nc7 6. h3 Nh6 7. g4 f6 8. Be3 d5
9. Qd2 Nf7 10. O-O-O b5 11. Kb1 1/2-1/2

[Event "Fredericia Chess IM 2018"]
[Site "Fredericia"]
[Date "2018.05.12"]
[Round "6.4"]
[White "Olsen, Filip Boe"]
[Black "Nielsen, Viktor Haarmark"]
[Result "1/2-1/2"]
[WhiteElo "2312"]
[BlackElo "2340"]
[PlyCount "67"]
[EventDate "2018.05.09"]
[EventType "tourn"]
[EventRounds "9"]
[EventCountry "DEN"]

1. d4 d5 2. c4 e6 3. Nc3 Nf6 4. cxd5 exd5 5. Bg5 c6 6. e3 Be7 7. Qc2 Nbd7 8.
Bd3 h6 9. Bh4 Nh5 10. Bxe7 Qxe7 11. O-O-O Nb6 12. h3 Be6 13. Kb1 O-O-O 14. g4
Nf6 15. f4 Kb8 16. Nf3 Bc8 17. Ne5 Nfd7 18. Ne2 h5 19. g5 Nxe5 20. dxe5 h4 21.
Nd4 Ka8 22. Nf3 Rh5 23. Rc1 Bd7 24. Qf2 Rdh8 25. Ka1 Qe8 26. Qg2 g6 27. Nd4 Qc8
28. Qf3 Rd8 29. e4 Be6 30. Nxe6 Qxe6 31. exd5 Nxd5 32. Bc4 Rhh8 33. Rhd1 Rd7
34. Bxd5 1/2-1/2

[Event "Fredericia Chess IM 2018"]
[Site "Fredericia"]
[Date "2018.05.12"]
[Round "6.5"]
[White "Bruedigam, Martin"]
[Black "Madsen, Michael B"]
[Result "0-1"]
[WhiteElo "2404"]
[BlackElo "2123"]
[PlyCount "82"]
[EventDate "2018.05.09"]
[EventType "tourn"]
[EventRounds "9"]
[EventCountry "DEN"]

1. e4 e5 2. Nf3 Nc6 3. Bc4 Bc5 4. O-O d6 5. d3 Nf6 6. c3 a6 7. a4 h6 8. Re1 Ba7
9. Nbd2 g5 10. b4 g4 11. Nh4 Nxe4 12. Nxe4 Qxh4 13. d4 f5 14. Ng3 Kf8 15. dxe5
Nxe5 16. Rxe5 dxe5 17. Qd5 Qe7 18. Bxh6+ Ke8 19. Bg5 c6 20. Qd2 Qd7 21. Qe2 Qg7
22. Re1 Bb8 23. Bf4 Kf8 24. Qe3 Qf6 25. Bxe5 Qxe5 26. Qxe5 Bxe5 27. Rxe5 b5 28.
Bd3 Bd7 29. Ne2 Re8 30. Rc5 Rh6 31. a5 Rd6 32. Nd4 Re1+ 33. Bf1 Rc1 34. f4 gxf3
35. gxf3 Rd5 36. Rxd5 cxd5 37. Ne2 Rc2 38. h4 Kg7 39. Kf2 d4 40. cxd4 Rb2 41.
Ke3 Rxb4 0-1

[Event "Fredericia Chess IM 2018"]
[Site "Fredericia"]
[Date "2018.05.12"]
[Round "7.1"]
[White "Light, Bjarne"]
[Black "Nagy, Gabor"]
[Result "1/2-1/2"]
[WhiteElo "2212"]
[BlackElo "2478"]
[PlyCount "95"]
[EventDate "2018.05.09"]
[EventType "tourn"]
[EventRounds "9"]
[EventCountry "DEN"]

1. d4 Nf6 2. Bf4 g6 3. e3 Bg7 4. Nf3 d6 5. h3 O-O 6. Nbd2 Nfd7 7. c3 e5 8. Bg5
Qe8 9. dxe5 dxe5 10. e4 Nc6 11. b4 f5 12. Bc4+ Kh8 13. h4 Nb6 14. Bb3 h6 15. h5
gxh5 16. Be3 fxe4 17. Nh4 Nd4 18. Nxe4 Nxb3 19. axb3 Be6 20. c4 Nd7 21. Qc2 Nf6
22. f3 b6 23. O-O Kg8 24. Rae1 Nxe4 25. Qxe4 Rd8 26. Qc2 Qf7 27. Bf2 Rfe8 28.
b5 Bf6 29. Re4 Bc8 30. Rfe1 Bb7 31. R4e2 Qh7 32. Nf5 a6 33. bxa6 Bxa6 34. Ng3
Qxc2 35. Rxc2 Rd3 36. Ra2 Bb7 37. Ra7 Rb8 38. Nxh5 Bh8 39. Bg3 Rxb3 40. Bxe5
Bxe5 41. Rxe5 Kf7 42. Ng3 Rc3 43. Rf5+ Ke6 44. Rf4 Kd6 45. Rf6+ Ke5 46. Rf5+
Kd6 47. Rf6+ Ke5 48. Rf5+ 1/2-1/2

[Event "Fredericia Chess IM 2018"]
[Site "Fredericia"]
[Date "2018.05.12"]
[Round "7.2"]
[White "Nielsen, Viktor Haarmark"]
[Black "Miedema, David"]
[Result "0-1"]
[WhiteElo "2340"]
[BlackElo "2380"]
[PlyCount "170"]
[EventDate "2018.05.09"]
[EventType "tourn"]
[EventRounds "9"]
[EventCountry "DEN"]

1. d4 e6 2. c4 Nf6 3. Nf3 b6 4. a3 Ba6 5. e3 c5 6. Nc3 cxd4 7. Nxd4 Nc6 8. Ndb5
d6 9. Be2 Bb7 10. O-O Be7 11. b3 O-O 12. Bb2 a6 13. Nd4 Ra7 14. Nxc6 Bxc6 15.
Bf3 Qa8 16. Bxc6 Qxc6 17. Qd4 Rd7 18. a4 Rfd8 19. Rfd1 Ne8 20. Qd3 Bf6 21. Rac1
Qb7 22. Ba3 h5 23. Qe4 d5 24. cxd5 Bxc3 25. Rxc3 Nf6 26. Qf3 Rxd5 27. Rxd5 Rxd5
28. Qe2 Ne4 29. Rd3 b5 30. Rxd5 Qxd5 31. Qc2 h4 32. axb5 axb5 33. h3 Nd2 34. b4
Nc4 35. Bb2 e5 36. Bc3 g6 37. e4 Qd8 38. Kf1 Qg5 39. Qd3 Qc1+ 40. Ke2 Kg7 41.
Kf3 Qg5 42. g3 hxg3 43. fxg3 Qc1 44. Kg2 Qg5 45. Kf2 Qf6+ 46. Kg2 Qc6 47. Kf2
Qb6+ 48. Kg2 Qa7 49. h4 Qb7 50. Kf2 Qb6+ 51. Kg2 Qe6 52. Kh2 Qg4 53. Kg2 Qc8
54. Kh2 Qa8 55. Kh3 Qc6 56. Kg4 Qe6+ 57. Kf3 Qh3 58. Kf2 Qh2+ 59. Kf3 Qh1+ 60.
Kf2 Qh2+ 61. Kf3 Qg1 62. Qe2 Kh6 63. Kg4 Kg7 64. Kf3 Qh1+ 65. Kf2 Qb1 66. Kg2
Kf8 67. Kf2 Ke7 68. Kg2 Kd6 69. Kf2 Ke7 70. Kg2 f6 71. g4 Qc1 72. Be1 Qf4 73.
Bf2 Nd2 74. Qxb5 Qxg4+ 75. Bg3 Nxe4 76. Qb7+ Kf8 77. Qa8+ Kg7 78. Qa7+ Kg8 79.
Qa8+ Kf7 80. Qb7+ Ke8 81. Qc6+ Ke7 82. Qb7+ Kd6 83. Qa6+ Kd5 84. Qa8+ Kc4 85.
Qc8+ Qxc8 0-1

[Event "Fredericia Chess IM 2018"]
[Site "Fredericia"]
[Date "2018.05.12"]
[Round "7.3"]
[White "Madsen, Michael B"]
[Black "Sylvan, Jacob"]
[Result "1/2-1/2"]
[WhiteElo "2123"]
[BlackElo "2334"]
[PlyCount "30"]
[EventDate "2018.05.09"]
[EventType "tourn"]
[EventRounds "9"]
[EventCountry "DEN"]

1. e4 c5 2. d4 cxd4 3. Qxd4 Nc6 4. Qd1 Nf6 5. Nc3 g6 6. Nf3 Bg7 7. Bc4 O-O 8.
O-O d6 9. h3 Bd7 10. a3 Rc8 11. Ba2 Qa5 12. Be3 Qh5 13. Nd4 Qh4 14. Nf3 Qh5 15.
Nd4 Qh4 1/2-1/2

[Event "Fredericia Chess IM 2018"]
[Site "Fredericia"]
[Date "2018.05.12"]
[Round "7.4"]
[White "Fries Nielsen, Jens Ove"]
[Black "Olsen, Filip Boe"]
[Result "1-0"]
[WhiteElo "2375"]
[BlackElo "2312"]
[PlyCount "59"]
[EventDate "2018.05.09"]
[EventType "tourn"]
[EventRounds "9"]
[EventCountry "DEN"]

1. e4 c6 2. Nc3 d5 3. f4 dxe4 4. Nxe4 Nf6 5. Nf2 h5 6. Nf3 Bf5 7. Bd3 Bxd3 8.
Nxd3 e6 9. b3 Nbd7 10. Bb2 Nc5 11. Nde5 Nce4 12. Qe2 Bc5 13. Ng5 Bf2+ 14. Kd1
Nxg5 15. fxg5 Bd4 16. Bxd4 Qxd4 17. c3 Qd5 18. gxf6 gxf6 19. Nc4 O-O-O 20. Rf1
Rhg8 21. g3 h4 22. g4 f5 23. h3 fxg4 24. hxg4 f5 25. gxf5 Rg2 26. Qxe6+ Kc7 27.
Qxd5 Rxd5 28. d4 Rd8 29. Ne3 Rh2 30. Rc1 1-0

[Event "Fredericia Chess IM 2018"]
[Site "Fredericia"]
[Date "2018.05.12"]
[Round "7.5"]
[White "Heimisson, Hilmir Freyr"]
[Black "Bruedigam, Martin"]
[Result "1/2-1/2"]
[WhiteElo "2132"]
[BlackElo "2404"]
[PlyCount "23"]
[EventDate "2018.05.09"]
[EventType "tourn"]
[EventRounds "9"]
[EventCountry "DEN"]

1. d4 Nf6 2. Bf4 e6 3. Nf3 d5 4. e3 Bd6 5. Bg3 b6 6. Nbd2 Bb7 7. Ne5 O-O 8. Bd3
c5 9. c3 Nc6 10. f4 Ne7 11. Qb1 Qc8 12. Bh4 1/2-1/2

[Event "Fredericia Chess IM 2018"]
[Site "Fredericia"]
[Date "2018.05.13"]
[Round "8.2"]
[White "Miedema, David"]
[Black "Fries Nielsen, Jens Ove"]
[Result "0-1"]
[WhiteElo "2380"]
[BlackElo "2375"]
[PlyCount "98"]
[EventDate "2018.05.09"]
[EventType "tourn"]
[EventRounds "9"]
[EventCountry "DEN"]

1. d4 g6 2. c4 Bg7 3. e4 e6 4. Nc3 Ne7 5. Nf3 d5 6. Bg5 f6 7. Bf4 g5 8. Bc1
dxe4 9. Nxe4 g4 10. Ng1 f5 11. Nc3 Qxd4 12. Qxd4 Bxd4 13. Nb5 Bb6 14. Bd2 Nd7
15. h3 a6 16. Nc3 Ne5 17. hxg4 Nxg4 18. f3 Ne3 19. Bd3 Ng6 20. g3 Ne5 21. Bxe3
Bxe3 22. Ke2 Bd4 23. f4 Nxd3 24. Kxd3 Bf6 25. Nf3 Bd7 26. Ne5 Bxe5 27. fxe5 Bc6
28. Rh6 Ke7 29. Ke3 Rag8 30. Ne2 Rg4 31. b3 Re4+ 32. Kf2 Rxe5 33. Nf4 Rd8 34.
Rxh7+ Kf6 35. Rh6+ Kf7 36. Re1 Rxe1 37. Kxe1 e5 38. Nd5 Bxd5 39. cxd5 Rxd5 40.
Rh7+ Ke6 41. Rxc7 Rd7 42. Rc8 Rh7 43. a4 Rh1+ 44. Kf2 Rb1 45. Rc3 Rb2+ 46. Kf1
Kd5 47. a5 e4 48. Ke1 Kd4 49. Rc4+ Ke5 0-1

[Event "Fredericia Chess IM 2018"]
[Site "Fredericia"]
[Date "2018.05.13"]
[Round "8.3"]
[White "Sylvan, Jacob"]
[Black "Heimisson, Hilmir Freyr"]
[Result "1/2-1/2"]
[WhiteElo "2334"]
[BlackElo "2132"]
[PlyCount "32"]
[EventDate "2018.05.09"]
[EventType "tourn"]
[EventRounds "9"]
[EventCountry "DEN"]

1. d4 Nf6 2. c4 e6 3. Nf3 d5 4. g3 Be7 5. Bg2 O-O 6. O-O dxc4 7. Qc2 a6 8. a4
Bd7 9. Qxc4 Bc6 10. Nc3 b5 11. Qd3 b4 12. Nb1 Be4 13. Qc4 Bd5 14. Qd3 Be4 15.
Qc4 Bd5 16. Qd3 Be4 1/2-1/2

[Event "Fredericia Chess IM 2018"]
[Site "Fredericia"]
[Date "2018.05.13"]
[Round "8.4"]
[White "Olsen, Filip Boe"]
[Black "Madsen, Michael B"]
[Result "1/2-1/2"]
[WhiteElo "2312"]
[BlackElo "2123"]
[PlyCount "70"]
[EventDate "2018.05.09"]
[EventType "tourn"]
[EventRounds "9"]
[EventCountry "DEN"]

1. d4 Nf6 2. c4 a6 3. Nc3 c5 4. d5 b5 5. cxb5 axb5 6. g3 b4 7. Nb1 d6 8. Bg2 g6
9. Nh3 Nbd7 10. O-O Nb6 11. Re1 Nfxd5 12. Nf4 Nxf4 13. Bxf4 Ra7 14. Nd2 Bg7 15.
Qc2 O-O 16. e4 Be6 17. a3 bxa3 18. Rxa3 Rxa3 19. bxa3 Qc8 20. Rb1 Qa6 21. Bf1
Qa7 22. Bg5 Rb8 23. a4 h6 24. Be3 Bd7 25. a5 Qxa5 26. e5 Qa7 27. exd6 exd6 28.
Bf4 Nc8 29. Rxb8 Qxb8 30. Qxc5 dxc5 31. Bxb8 Be6 32. Ba6 Bc3 33. Ne4 Bb4 34.
Bxc8 Bxc8 35. Bd6 f5 1/2-1/2

[Event "Fredericia Chess IM 2018"]
[Site "Fredericia"]
[Date "2018.05.13"]
[Round "8.5"]
[White "Light, Bjarne"]
[Black "Nielsen, Viktor Haarmark"]
[Result "0-1"]
[WhiteElo "2212"]
[BlackElo "2340"]
[PlyCount "154"]
[EventDate "2018.05.09"]
[EventType "tourn"]
[EventRounds "9"]
[EventCountry "DEN"]

1. d4 d5 2. Bf4 c5 3. e3 Nc6 4. c3 Nf6 5. Nd2 Bf5 6. Qb3 Qc8 7. Ngf3 e6 8. Nh4
Be4 9. f3 Bg6 10. g4 Be7 11. Nxg6 hxg6 12. Be2 Qd7 13. O-O-O c4 14. Qc2 b5 15.
e4 b4 16. Kb1 a5 17. Qa4 Qb7 18. Ka1 Nd7 19. exd5 exd5 20. Rde1 Kf8 21. Bd1 Bh4
22. Bg3 Bxg3 23. hxg3 Rxh1 24. Rxh1 Kg8 25. Nb1 Qc7 26. f4 Nf6 27. Qc2 Ne7 28.
Qh2 Kf8 29. Bf3 Qd7 30. g5 Ne8 31. Qg2 Kg8 32. g4 Rd8 33. Qh2 Kf8 34. Qg2 Nc6
35. Rh8+ Ke7 36. Qc2 Kd6 37. f5 gxf5 38. gxf5 Kc7 39. Bg4 f6 40. g6 Nd6 41.
Rxd8 Qxd8 42. Bf3 Ne8 43. b3 Qd6 44. bxc4 dxc4 45. Qe2 bxc3 46. Qxc4 c2 47.
Qxc2 Qxd4+ 48. Nc3 Nb4 49. Qb3 Nd6 50. a3 Kb6 51. axb4 axb4 52. Kb1 Qd3+ 53.
Ka2 Qxc3 54. Qxc3 bxc3 55. Kb3 Kc5 56. Kxc3 Nxf5 57. Kd3 Ne7 58. Be4 f5 59. Bb7
Kd6 60. Ke3 Ke5 61. Kf3 Nxg6 62. Ba6 Nf8 63. Bc8 g5 64. Bb7 Nh7 65. Bc6 Nf6 66.
Bb7 Ne4 67. Bc8 g4+ 68. Kg2 Kf4 69. Bd7 Ng5 70. Bc8 Nf3 71. Bd7 Nh4+ 72. Kf2
g3+ 73. Kg1 Ke3 74. Bc6 f4 75. Kf1 f3 76. Bb7 g2+ 77. Kg1 f2+ 0-1

[Event "Fredericia Chess IM 2018"]
[Site "Fredericia"]
[Date "2018.05.13"]
[Round "9.2"]
[White "Madsen, Michael B"]
[Black "Miedema, David"]
[Result "0-1"]
[WhiteElo "2123"]
[BlackElo "2380"]
[PlyCount "76"]
[EventDate "2018.05.09"]
[EventType "tourn"]
[EventRounds "9"]
[EventCountry "DEN"]

1. d4 e6 2. c4 d5 3. Nc3 c5 4. cxd5 exd5 5. Nf3 Nc6 6. g3 Nf6 7. Bg2 Be7 8. O-O
O-O 9. dxc5 Bxc5 10. Bg5 Be7 11. Nd4 Re8 12. Nxc6 bxc6 13. Qd2 h6 14. Bxf6 Bxf6
15. Rfd1 Bg4 16. f3 Bh5 17. Rac1 Bg5 18. f4 Bf6 19. Re1 Qb6+ 20. e3 d4 21. exd4
Bxd4+ 22. Kh1 Be3 23. Qd7 Red8 24. Qxc6 Qxc6 25. Bxc6 Bxc1 26. Rxc1 Rac8 27.
Be4 Rd4 28. Bf5 Bf3+ 29. Kg1 Rc5 30. Kf2 Bb7 31. Ke3 Rb4 32. Bc2 Rxb2 33. Kd4
Rc8 34. a3 Ba6 35. Bf5 Rc4+ 36. Ke5 Rc5+ 37. Kd6 Rxf5 38. Nd5 Rd2 0-1

[Event "Fredericia Chess IM 2018"]
[Site "Fredericia"]
[Date "2018.05.13"]
[Round "9.3"]
[White "Heimisson, Hilmir Freyr"]
[Black "Olsen, Filip Boe"]
[Result "1/2-1/2"]
[WhiteElo "2132"]
[BlackElo "2312"]
[PlyCount "105"]
[EventDate "2018.05.09"]
[EventType "tourn"]
[EventRounds "9"]
[EventCountry "DEN"]

1. d4 Nf6 2. Bf4 d5 3. e3 c5 4. dxc5 Nc6 5. Bb5 Qa5+ 6. Nc3 a6 7. Bxc6+ bxc6 8.
Qd4 e6 9. b4 Qa3 10. Nge2 a5 11. b5 Bxc5 12. Qa4 Qb2 13. Rb1 cxb5 14. Rxb2 bxa4
15. Nxa4 Ba7 16. Rb5 Bd7 17. Rxa5 O-O 18. Nac3 Rfc8 19. O-O Bc5 20. Rxa8 Rxa8
21. Rb1 Bc6 22. Rb8+ Rxb8 23. Bxb8 Nd7 24. Bc7 e5 25. a4 f6 26. Nc1 Bb4 27. Nb5
Nc5 28. Nd3 Nxd3 29. cxd3 Kf7 30. d4 e4 31. Bb6 Ke6 32. Nc7+ Kd7 33. Na6 Bd6
34. a5 Bb5 35. Nc5+ Bxc5 36. dxc5 Kc6 37. h4 d4 38. exd4 Kd5 39. Kh2 Bc6 40. a6
Kxd4 41. g4 e3 42. fxe3+ Kxe3 43. Kg3 Ke4 44. Bc7 g6 45. a7 Ba8 46. Bd6 Bc6 47.
Kf2 f5 48. gxf5 gxf5 49. h5 f4 50. h6 f3 51. Be7 Kd4 52. Bf8 Ba8 53. Bd6
1/2-1/2